[Event "London rapid m"]
[Site "London"]
[Date "1993.??.??"]
[Round "1"]
[White "Kasparov, Gary"]
[Black "Short, Nigel D"]
[Result "1-0"]
[WhiteElo "2815"]
[BlackElo "2665"]

1.e4 e6 2.d4 d5 3.Nd2 c5 4.Ngf3 Nf6 5.exd5 exd5 6.Bb5+ Bd7 7.Bxd7+ Nbxd7
8.O-O Be7 9.Re1 O-O 10.Nf1 Re8 11.dxc5 Nxc5 12.Be3 a6 13.c3 Rc8 14.Qc2 Qc7
15.Rad1 b5 16.Bd4 Nce4 17.Ne3 Rcd8 18.a3 Bf8 19.Qb3 Qc6 20.Ne5 Qc7 21.Nd3 Bd6
22.g3 Qc8 23.Bxf6 Nxf6 24.Nb4 Bxb4 25.axb4 h6 26.Rd4 Re5 27.Red1 Qh3 28.Qc2 Rde8
29.Rh4 Qe6 30.Rhd4 Qh3 31.Rh4 Qe6 32.Qd3 Kf8 33.Rd4 Qh3 34.Qf1 Qe6 35.R1d3 Re4
36.Qd1 Rxd4 37.Rxd4 Rd8 38.Kg2 Rd7 39.Qd3 g6 40.h3 Kg7 41.Qd1 h5 42.Qf3 Ne4
43.Nxd5 Ng5 44.Nf4 Qb6 45.Qd3 Qc6+ 46.f3 Rxd4 47.Qxd4+ Kh7 48.Qd5 Qf6 49.h4 Ne6
50.Nxe6 fxe6 51.Qb7+ Kh6 52.Qxa6 Qe5 53.Qb6 Qe2+ 54.Qf2 Qd1 55.Qe3+ Kg7 56.Kf2 Qh1
57.Qxe6 Qh2+ 58.Ke3 Qxg3 59.Qe7+ Kg8 60.Qg5 Qe1+ 61.Kd4 Kf7 62.Kc5 Qf2+ 63.Kxb5 Qxf3
64.c4  1-0

[Event "London rapid m theme"]
[Site "London"]
[Date "1993.??.??"]
[Round "2"]
[White "Short, Nigel D"]
[Black "Kasparov, Gary"]
[Result "1/2-1/2"]
[WhiteElo "2655"]
[BlackElo "2805"]

1.e4 e5 2.f4 exf4 3.Nf3 Be7 4.Bc4 Bh4+ 5.Kf1 d5 6.Bxd5 Nf6 7.Bb3 Bg4 8.d3 O-O
9.Qd2 Nh5 10.Nc3 Nc6 11.Nxh4 Qxh4 12.Qf2 Qd8 13.Bxf4 Be6 14.Re1 Nxf4 15.Qxf4 Bxb3
16.axb3 Nd4 17.Qf2 f5 18.e5 Qd7 19.h4 f4 20.e6 Nxe6 21.Re4 Rae8 22.Rh3 f3
23.Rxf3 Rxf3 24.gxf3 Rf8 25.Ne2 Qc6 26.Qe3 Nc5 27.Nd4 Qd7 28.Re5 Qh3+ 29.Ke2 b6
30.b4 Na4 31.Re7 Qh2+ 32.Kd1 Qxh4 33.Qe6+ Kh8 34.Re8 Qf4 35.Qe7 Nxb2+ 36.Ke2 Kg8
37.Qe6+ Qf7 38.Rxf8+ Kxf8 39.Qc8+ Qe8+ 40.Ne6+ Kf7 41.Qxe8+ Kxe8 42.Nxc7+ Kd7
43.Nd5 Kc6 44.c4 a5 45.b5+ Kc5 46.Kd2 Nxc4+ 47.dxc4 Kxc4 48.Nxb6+ Kxb5 49.Nd5 Kc5
50.Ne3 g5 51.Kc3 h5 52.Nf5 h4 53.f4  1/2-1/2

[Event "London rapid m"]
[Site "London"]
[Date "1993.??.??"]
[Round "2"]
[White "Short, Nigel D"]
[Black "Kasparov, Gary"]
[Result "0-1"]
[WhiteElo "2665"]
[BlackElo "2815"]

1.e4 c5 2.Nf3 d6 3.d4 cxd4 4.Nxd4 Nf6 5.Nc3 a6 6.Bc4 e6 7.Bb3 b5 8.O-O Be7
9.Qf3 Qb6 10.Be3 Qb7 11.Qg3 b4 12.Na4 Nbd7 13.f3 O-O 14.Rad1 Kh8 15.Rfe1 Rb8
16.Kh1 Ne5 17.Ne2 Qc7 18.c3 Bd7 19.Nf4 Bxa4 20.Bxa4 bxc3 21.bxc3 Qxc3 22.Bd4 Qa5
23.Bb3 Qb5 24.Ne2 Rfc8 25.Nc3 Qa5 26.f4 Nh5 27.Qe3 Nc6 28.Ne2 Nxd4 29.Nxd4 Qc3
30.Rd3 Qc5 31.Qf3 Nf6 32.f5 e5 33.Ne2 Qb4 34.Nc3 d5 35.Bxd5 Nxd5 36.exd5 e4
37.Qxe4 Rxc3 38.Rd4 Qd6 39.f6 Bxf6  0-1

[Event "London rapid m theme"]
[Site "London"]
[Date "1993.??.??"]
[Round "3"]
[White "Short, Nigel D"]
[Black "Kasparov, Gary"]
[Result "1-0"]
[WhiteElo "2655"]
[BlackElo "2805"]

1.e4 e5 2.f4 exf4 3.Bc4 Qh4+ 4.Kf1 b5 5.Bxb5 Nf6 6.Nf3 Qh6 7.Nc3 g5 8.d4 Bb7
9.h4 Rg8 10.Kg1 gxh4 11.Rxh4 Qg6 12.Qe2 Nxe4 13.Rxf4 f5 14.Nh4 Qg3 15.Nxe4  1-0

[Event "PCA-World Championship"]
[Site "London"]
[Date "1993.??.??"]
[Round "9"]
[White "Kasparov, Gary"]
[Black "Short, Nigel D"]
[Result "1-0"]
[WhiteElo "2805"]
[BlackElo "2655"]

1.d4 Nf6 2.c4 e6 3.Nc3 Bb4 4.Qc2 d5 5.cxd5 exd5 6.Bg5 h6 7.Bh4 c5 8.dxc5 g5
9.Bg3 Ne4 10.e3 Qa5 11.Ne2 Bf5 12.Be5 O-O 13.Nd4 Bg6 14.Nb3 Nxc3 15.Bxc3 Bxc2
16.Nxa5 Bxc3+ 17.bxc3 b6 18.Kd2 bxa5 19.Kxc2 Rc8 20.h4 Nd7 21.hxg5 Nxc5 22.gxh6 Ne4
23.c4 Nxf2 24.Rh4 f5 25.Rd4 dxc4 26.Bxc4+ Kh7 27.Rf1 Ng4 28.Kd2 Rab8 29.Rxf5 Rb2+
30.Kd3 Rxg2 31.Be6 Rc7 32.Rxa5 Nf2+ 33.Ke2 Rh2 34.Kf3 Nh1 35.Rd7+ Rxd7 36.Bxd7 Kxh6
37.Rxa7 Kg5 38.Ra5+ Kf6 39.Bc6 Rc2 40.Rf5+ Ke7 41.Bd5 Kd6 42.Rh5 Rd2 43.Rxh1 Rxd5
44.a4 Ra5 45.Ra1 Ke5 46.e4 Ke6 47.Ke3 Kd6 48.Kd4 Kd7 49.Kc4 Kc6 50.Kb4 Re5
51.Rc1+ Kb6 52.Rc4  1-0

[Event "Amsterdam VSB"]
[Site "Amsterdam"]
[Date "1994.??.??"]
[Round "2"]
[White "Kasparov, Gary"]
[Black "Short, Nigel D"]
[Result "1-0"]
[WhiteElo "2805"]
[BlackElo "2655"]

1.e4 e6 2.d4 d5 3.Nc3 Nf6 4.e5 Nfd7 5.f4 c5 6.Nf3 Nc6 7.Be3 cxd4 8.Nxd4 Bc5
9.Qd2 O-O 10.O-O-O a6 11.h4 Nxd4 12.Bxd4 b5 13.Rh3 b4 14.Na4 Bxd4 15.Qxd4 f6
16.Qxb4 fxe5 17.Qd6 Qf6 18.f5 Qh6+ 19.Kb1 Rxf5 20.Rf3 Rxf3 21.gxf3 Qf6 22.Bh3 Kf7
23.c4 dxc4 24.Nc3 Qe7 25.Qc6 Rb8 26.Ne4 Nb6 27.Ng5+ Kg8 28.Qe4 g6 29.Qxe5 Rb7
30.Rd6 c3 31.Bxe6+ Bxe6 32.Rxe6  1-0

[Event "Amsterdam VSB"]
[Site "Amsterdam"]
[Date "1994.??.??"]
[Round "5"]
[White "Kasparov, Gary"]
[Black "Timman, Jan H"]
[Result "1-0"]
[WhiteElo "2805"]
[BlackElo "2620"]

1.e4 e5 2.Nf3 Nf6 3.Nxe5 d6 4.Nf3 Nxe4 5.d4 d5 6.Bd3 Nc6 7.O-O Be7 8.Re1 Bg4
9.c4 Nf6 10.Nc3 dxc4 11.Bxc4 O-O 12.d5 Na5 13.Bd3 c6 14.h3 Bh5 15.Re5 Bg6
16.Bg5 Bd6 17.Re2 Bb4 18.Bxf6 gxf6 19.Rc1 Rc8 20.Ne4 f5 21.Ng3 Qxd5 22.a3 Bd6
23.Nxf5 Rcd8 24.Re5 Bxe5 25.Ne7+ Kg7 26.Nxd5 Bxb2 27.Nf4 Bxd3 28.Nxd3 Bxc1
29.Qxc1 Rxd3 30.Qg5+  1-0

[Event "Amsterdam VSB"]
[Site "Amsterdam"]
[Date "1994.??.??"]
[Round "6"]
[White "Short, Nigel D"]
[Black "Kasparov, Gary"]
[Result "1/2-1/2"]
[WhiteElo "2655"]
[BlackElo "2805"]

1.e4 c5 2.Nc3 e6 3.Nf3 a6 4.d4 cxd4 5.Nxd4 d6 6.g4 b5 7.a3 h6 8.Bg2 Bb7 9.O-O Nd7
10.f4 Rc8 11.Be3 g5 12.Qe2 gxf4 13.Rxf4 e5 14.Rf5 exd4 15.Bxd4 Ne5 16.Nd5 Bg7
17.Raf1 Rh7 18.Kh1 Bh8 19.c3 Ne7 20.Bxe5 dxe5 21.Qf3 Nxf5 22.Qxf5 Rg7 23.Nf6+ Kf8
24.Nd7+ Kg8 25.Nf6+ Kf8  1/2-1/2

[Event "Horgen CS"]
[Site "Horgen"]
[Date "1994.??.??"]
[Round "2"]
[White "Lutz, Christopher"]
[Black "Kasparov, Gary"]
[Result "0-1"]
[WhiteElo "2580"]
[BlackElo "2805"]

1.d4 Nf6 2.c4 g6 3.Nc3 Bg7 4.e4 d6 5.f3 O-O 6.Bg5 a6 7.Qd2 Nbd7 8.Nh3 c5
9.d5 b5 10.cxb5 axb5 11.Bxb5 Ba6 12.O-O Qa5 13.a4 Rfb8 14.Ra3 Nb6 15.Qe2 Nfd7
16.Bd2 Bxb5 17.Nxb5 Qa6 18.b3 Nc8 19.Bc1 Na7 20.Nc3 Qb6 21.Nb1 Ne5 22.Nf2 Nc8
23.f4 Nd7 24.Nd2 Qa6 25.Qxa6 Rxa6 26.Nd3 f5 27.e5 Ncb6 28.Nc4 Nxc4 29.bxc4 Rba8
30.Bb2 Nb6 31.Rc1 Nxa4 32.Rb3 Nxb2 33.Rxb2 Ra3 34.Rd2 Rb3 35.Kf1 Raa3 36.Ke2 dxe5
37.Nxe5 Bxe5 38.fxe5 Re3+ 39.Kf2 Rxe5 40.Re2 Rxe2+ 41.Kxe2 Kf7 42.Kf2 Rd3
43.Ra1 Rc3 44.Ra7 Rxc4 45.d6 Rf4+ 46.Kg3 Re4 47.Rc7 Ke6  0-1

[Event "Horgen CS"]
[Site "Horgen"]
[Date "1994.??.??"]
[Round "4"]
[White "Gavrikov, Viktor"]
[Black "Kasparov, Gary"]
[Result "1/2-1/2"]
[WhiteElo "2600"]
[BlackElo "2805"]

1.d4 Nf6 2.c4 g6 3.g3 Bg7 4.Bg2 O-O 5.Nc3 d6 6.Nf3 Nbd7 7.O-O e5 8.e4 c6
9.Rb1 a5 10.h3 a4 11.Be3 exd4 12.Nxd4 Re8 13.Qc2 Nc5 14.Rfe1 Nfd7 15.b4 axb3
16.axb3 Qe7 17.Rbd1 h5 18.b4 Ne6 19.Nxe6 Qxe6 20.Ne2 Ne5 21.c5 Ra2 22.Qc1 dxc5
23.bxc5 Qb3 24.Nd4 Qc4 25.Qb1 Ra3 26.Re2 Rd8 27.Nc2 Rxd1+ 28.Qxd1 Rd3 29.Qb1 Bf8
30.Ne1 Rb3 31.Qd1 Be6 32.Kh2 Rb1 33.Qxb1 Qxe2 34.Bd4 Nc4 35.Nf3 Bg7 36.Qxb7 Bxd4
37.Nxd4 Qxf2 38.Nxe6 fxe6 39.Qxc6 Ne3 40.e5 Nf1+ 41.Kh1 Nxg3+ 42.Kh2 Nf1+  1/2-1/2

[Event "Horgen CS"]
[Site "Horgen"]
[Date "1994.??.??"]
[Round "5"]
[White "Kasparov, Gary"]
[Black "Gelfand, Boris"]
[Result "1-0"]
[WhiteElo "2805"]
[BlackElo "2680"]

1.e4 c5 2.Nf3 d6 3.d4 cxd4 4.Nxd4 Nf6 5.Nc3 a6 6.f4 Nbd7 7.Be2 e5 8.fxe5 dxe5
9.Nf5 Qb6 10.Nd5 Nxd5 11.Qxd5 Qc5 12.Qb3 Nf6 13.Bc4 Qb4+ 14.Qxb4 Bxb4+ 15.c3 Bf8
16.Bd3 Be6 17.Rf1 O-O-O 18.Bc2 Ne8 19.Bb3 Rd7 20.Bg5 Bc5 21.Ke2 Bxb3 22.axb3 f6
23.Bc1 Nd6 24.Nxd6+ Rxd6 25.b4 Ba7 26.b5 Rhd8 27.Ra2 Kb8 28.bxa6 bxa6 29.b3 Kb7
30.Rd2 Kc6 31.Rxd6+ Rxd6 32.g4 Rd7 33.Bd2 Bb6 34.Ra1 Kb7 35.h4 Rd8 36.h5 Rd6
37.Be1 Bc7 38.b4 Bb6 39.Ra2 Rc6 40.Ra1 Rd6 41.Bd2 Rd7 42.Rf1 Kc6 43.c4 Bd4
44.h6 Kb7 45.c5 a5 46.Rc1 Rc7 47.c6+  1-0

[Event "Horgen CS"]
[Site "Horgen"]
[Date "1994.??.??"]
[Round "6"]
[White "Lautier, Joel"]
[Black "Kasparov, Gary"]
[Result "1/2-1/2"]
[WhiteElo "2645"]
[BlackElo "2805"]

1.c4 g6 2.e4 Bg7 3.d4 d6 4.Nc3 Nf6 5.f3 O-O 6.Bg5 a6 7.Qd2 Nbd7 8.Nge2 c5
9.Bh6 Bxh6 10.Qxh6 b5 11.h4 b4 12.Nd5 e5 13.Nxf6+ Qxf6 14.dxe5 dxe5 15.Rd1 Rd8
16.Qg5 Bb7 17.Nc1 Kg7 18.Nd3 Rac8 19.Qxf6+ Kxf6 20.g3 Nf8 21.Bh3 Rc7 22.Nf2 Rxd1+
23.Kxd1 h5 24.Ke2 a5 25.Nd1 Ne6 26.Bxe6 Kxe6 27.Ne3 f5 28.Nd5 Rf7 29.b3 fxe4
30.fxe4 Kd6 31.Rd1 Kc6 32.Ne3 Kc7 33.Nd5+ Kc6 34.Ne3  1/2-1/2

[Event "Horgen CS"]
[Site "Horgen"]
[Date "1994.??.??"]
[Round "10"]
[White "Kasparov, Gary"]
[Black "Jussupow, Artur"]
[Result "1-0"]
[WhiteElo "2805"]
[BlackElo "2655"]

1.e4 e5 2.Nf3 Nc6 3.d4 exd4 4.Nxd4 Bc5 5.Nxc6 Qf6 6.Qd2 dxc6 7.Nc3 Be6 8.Na4 Rd8
9.Bd3 Bd4 10.O-O a6 11.Qa5 b5 12.Nc3 Bb6 13.Qxa6 Nh6 14.Be3 Bc8 15.Qa3 Bxe3
16.fxe3 Qe5 17.Be2 Rd6 18.Rad1 O-O 19.Rxd6 cxd6 20.Rd1 c5 21.Nxb5 Bg4 22.Qd3 Qxb2
23.a4 Qb4 24.Bf3 Qxa4 25.Nxd6 Qb4 26.h3 Be6 27.e5 Qh4 28.Qe4 Qe7 29.Rb1 f5
30.Qc6 Kh8 31.Qxc5 Rc8 32.Qxc8+ Bxc8 33.Rb8 Ng8 34.Rxc8 Qa7 35.Kh2 Qe7 36.Re8  1-0

[Event "Horgen CS"]
[Site "Horgen"]
[Date "1994.??.??"]
[Round "11"]
[White "Miles, Anthony J"]
[Black "Kasparov, Gary"]
[Result "1/2-1/2"]
[WhiteElo "2600"]
[BlackElo "2805"]

1.d4 Nf6 2.Bg5 e6 3.Nd2 h6 4.Bh4 c5 5.e3 cxd4 6.exd4 Be7 7.Bd3 b6 8.Ngf3 Bb7
9.O-O O-O 10.Bxf6 Bxf6 11.Be4 Qc7 12.Re1 Be7 13.Bxb7 Qxb7 14.Nc4 Nc6 15.d5 Nb4
16.Ne3 Bf6 17.c3 Nxd5 18.Nxd5 exd5 19.Re2 b5 20.Rd2 b4 21.cxb4 Qxb4 22.Rb1 Rac8
23.Rxd5 Qe4 24.Rd2 Rfe8 25.h3 d5 26.b3 Rc5 27.Qf1 Rec8 28.Re1 Qf5 29.Red1 a5
30.Qd3 Qe4 31.Re2 Qxd3 32.Rxd3 a4 33.Red2 axb3 34.axb3 Rb5 35.Rd1 Rc2 36.Rb1 Kf8
37.Ne1 Ra2 38.b4 h5 39.Kf1 g5 40.Rdb3 Bd4 41.Rf3 Kg7 42.g4 hxg4 43.hxg4 Rb8
44.Nd3 Rh8 45.Kg2 Rh4 46.Rf5 f6 47.Kg3 Ra3 48.Rd1 Be5+ 49.Kf3 Rh3+ 50.Ke2 Bc3
51.Nc1 d4 52.Ra5 Bxb4  1/2-1/2

[Event "Israel sim"]
[Site "?"]
[Date "1994.??.??"]
[Round "?"]
[White "Kasparov, Gary"]
[Black "Wapner, Jonathan"]
[Result "1-0"]
[WhiteElo "2805"]
[BlackElo "2175"]

1.d4 d5 2.c4 c6 3.Nc3 Nf6 4.cxd5 cxd5 5.Bf4 Nc6 6.e3 a6 7.Bd3 e6 8.Nf3 Be7
9.h3 b5 10.O-O O-O 11.a4 b4 12.Ne2 Bb7 13.Rc1 Rc8 14.Ng3 Na5 15.Qe2 Qb6 16.Ne5 Rxc1
17.Rxc1 Nb3 18.Rc2 Na1 19.Rc1 Nb3 20.Rd1 Rc8 21.Nh5 g6 22.Nxf6+ Bxf6 23.Nd7 Qd8
24.Nxf6+ Qxf6 25.Bxa6 Qe7 26.Qb5 Bxa6 27.Qxa6 Qe8 28.Qb7 Ra8 29.Qxb4 Qxa4
30.Qe7 Nc5 31.Rc1 Ne4 32.Rc7 Qe8 33.Qxe8+ Rxe8 34.b4 Rb8 35.f3 Nf6 36.Rxf7 Kxf7
37.Bxb8 Ke7 38.b5 Kd8 39.Kf2 Kc8 40.Bd6 Ne8 41.Be5 Kb7 42.e4 Kb6 43.exd5 exd5
44.Kg3 Kxb5 45.Kf4 Kc6 46.Kg5 Kd7 47.Kh6  1-0

[Event "Israel sim"]
[Site "?"]
[Date "1994.??.??"]
[Round "?"]
[White "Kasparov, Gary"]
[Black "Tyomkin, Dimitri"]
[Result "1-0"]
[WhiteElo "2805"]
[BlackElo "2310"]

1.d4 d5 2.c4 e6 3.Nc3 c6 4.Nf3 dxc4 5.a4 Bb4 6.e3 b5 7.Bd2 a5 8.axb5 Bxc3
9.Bxc3 cxb5 10.b3 Bb7 11.bxc4 b4 12.Bb2 Nf6 13.Bd3 Nbd7 14.O-O Qc7 15.Nd2 O-O
16.f4 a4 17.e4 a3 18.Bc1 Rfd8 19.e5 Ne8 20.Nb3 g6 21.Qd2 Bc6 22.Qxb4 Rdb8
23.Qc3 Bxg2 24.Kxg2 Qb7+ 25.Rf3 Qxb3 26.Qxb3 Rxb3 27.Be4  1-0

[Event "Israel sim"]
[Site "?"]
[Date "1994.??.??"]
[Round "?"]
[White "Kasparov, Gary"]
[Black "Teplitsky, Yan"]
[Result "1-0"]
[WhiteElo "2805"]
[BlackElo "2395"]

1.e4 c5 2.Nc3 Nc6 3.Nge2 d6 4.d4 cxd4 5.Nxd4 Nf6 6.Bc4 Qb6 7.Nde2 e6 8.O-O Be7
9.a3 a6 10.Ba2 O-O 11.Kh1 Rd8 12.Ng3 d5 13.exd5 exd5 14.Nh5 Be6 15.Nf4 Rd7
16.f3 d4 17.Na4 Qb5 18.Nxe6 Qxa4 19.Nf4 Rad8 20.Re1 Qb5 21.Qd3 Qxd3 22.Nxd3 Nd5
23.Bd2 g6 24.g3 Kg7 25.f4 b6 26.Bb3 Bf6 27.Bxd5 Rxd5 28.a4 Rc8 29.Re2 Rd7
30.Kg2 Rdc7 31.g4 Nd8 32.a5 bxa5 33.Rxa5 Rxc2 34.Kf3 Ne6 35.b4 R2c6 36.f5 gxf5
37.gxf5 Nc7 38.Rg2+ Kh8 39.Rc5 Rxc5 40.bxc5 Nd5 41.Bh6 Ne7 42.Ke4 Re8 43.Bc1 Ng6+
44.Kd5 Ne7+ 45.Kc4 Nc6 46.Bf4 a5 47.Kb5 Nb4 48.Nxb4 axb4 49.Kxb4 d3 50.c6 Re2
51.c7 Rxg2 52.c8=Q+ Kg7 53.Bd6 Rb2+ 54.Ka3  1-0

[Event "Israel sim"]
[Site "?"]
[Date "1994.??.??"]
[Round "?"]
[White "Kasparov, Gary"]
[Black "Segal, Anna"]
[Result "1-0"]
[WhiteElo "2805"]
[BlackElo "2220"]

1.e4 d6 2.d4 Nf6 3.f3 g6 4.c4 Bg7 5.Nc3 O-O 6.Bg5 c6 7.Qd2 Qc7 8.Bd3 a5 9.Nge2 e5
10.d5 Nbd7 11.Ng3 Nc5 12.Be2 Bd7 13.Rc1 Rae8 14.O-O Bc8 15.Kh1 Kh8 16.Bd1 Ng8
17.a3 Na6 18.Na4 Bd7 19.b4 axb4 20.axb4 f5 21.exf5 Bxf5 22.dxc6 bxc6 23.b5 Nb8
24.b6 Qd7 25.Be2 c5 26.Nc3 Nc6 27.Bd1 Rb8 28.Nd5 Nd4 29.Ra1 Ra8 30.Rxa8 Rxa8
31.Ne4 Rf8 32.Nec3 Be6 33.Ba4 Qb7 34.Rb1 Bf5 35.Ne4 Bxe4 36.fxe4 Qa6 37.Qd1 Qxc4
38.b7 Rb8 39.Bd7 Qa6 40.Bc8 c4 41.Rc1 Nb3 42.Rb1 Nc5 43.Qg4 Nxb7 44.h3 Qc6
45.Bd7 Qc5 46.Be3 Qa3 47.Bc6 c3 48.Rxb7 Rxb7 49.Bxb7 Qb3 50.Qc8 h5 51.Nxc3 Kh7
52.Bd5  1-0

[Event "Israel sim"]
[Site "?"]
[Date "1994.??.??"]
[Round "?"]
[White "Kasparov, Gary"]
[Black "Ravia, Mosi"]
[Result "1/2-1/2"]
[WhiteElo "2805"]
[BlackElo "2320"]

1.c4 e6 2.g3 Nf6 3.Bg2 d5 4.d4 Bb4+ 5.Nd2 O-O 6.Nf3 c6 7.O-O Nbd7 8.Qc2 a6
9.b3 b6 10.Bb2 Bb7 11.e4 Bxd2 12.Nxd2 dxe4 13.Nxe4 Nxe4 14.Qxe4 Re8 15.Rad1 Rb8
16.Qf4 b5 17.d5 cxd5 18.cxd5 e5 19.Qd2 Qb6 20.Rc1 Qd6 21.Bc3 e4 22.Rfd1 Nf6
23.Bxf6 gxf6 24.Qf4 Qxf4 25.gxf4 Rbc8 26.Rxc8 Bxc8 27.d6 Bd7 28.b4 Kg7 29.Rc1 Re6
30.Rd1 Re8 31.Rc1 Re6 32.Rd1  1/2-1/2

[Event "Israel sim"]
[Site "?"]
[Date "1994.??.??"]
[Round "?"]
[White "Kasparov, Gary"]
[Black "Rabinovich, Alexander"]
[Result "1-0"]
[WhiteElo "2805"]
[BlackElo "2255"]

1.d4 d5 2.c4 c6 3.Nf3 Nf6 4.Nc3 e6 5.cxd5 exd5 6.Qc2 Be7 7.Bg5 Nbd7 8.e3 O-O
9.Bd3 Re8 10.h3 Nf8 11.Bf4 Ne6 12.Bh2 Bd6 13.Bxd6 Qxd6 14.O-O g6 15.Rab1 a5
16.a3 Ng7 17.b4 axb4 18.axb4 Bf5 19.Rfc1 Bxd3 20.Qxd3 Ne4 21.b5 Ra3 22.Nd2 f5
23.bxc6 bxc6 24.Ncxe4 fxe4 25.Qc2 Rc8 26.Rb7 Ne6 27.Qb2 Ra6 28.Nb3 Raa8 29.Nc5 Rab8
30.Nxe6 Rxb7 31.Qxb7 Qxe6 32.Rc2 Qe8 33.Rc3 Qe6 34.Rc1 Qe8 35.Ra1 Rb8 36.Qc7 Ra8
37.Rxa8 Qxa8 38.Qd7 Qa4 39.Kh2 Qb5 40.Kg3 Qc4 41.Qe8+ Kg7 42.Qe7+ Kg8 43.Qf6 Qb5
44.h4 Qb8+ 45.Kg4 Qc8+ 46.Kg5 Qd7 47.Kh6 Qc7 48.f4 Qf7 49.Qe5 Qf8+ 50.Kg5 Qd8+
51.Qf6 Qd7 52.g4 Qf7 53.Qxf7+ Kxf7 54.f5 c5 55.dxc5 d4 56.c6 dxe3 57.fxg6+ hxg6
58.c7 e2 59.c8=Q e1=Q 60.Qd7+ Kf8 61.Kxg6  1-0

[Event "Israel sim"]
[Site "?"]
[Date "1994.??.??"]
[Round "?"]
[White "Kasparov, Gary"]
[Black "Kundin, Alexander"]
[Result "1-0"]
[WhiteElo "2805"]
[BlackElo "2295"]

1.d4 d5 2.c4 c6 3.Nf3 Nf6 4.Nc3 a6 5.c5 g6 6.Bf4 Bg7 7.e3 O-O 8.h3 Nbd7 9.Bd3 Re8
10.Bh2 Nh5 11.g4 Nhf6 12.Rc1 b6 13.cxb6 Qxb6 14.Na4 Qa5+ 15.Kf1 Bb7 16.a3 Ne4
17.b4 Qd8 18.Kg2 a5 19.b5 Rc8 20.bxc6 Rxc6 21.Qb3 Qa8 22.Rxc6 Bxc6 23.Rc1 Rc8
24.Nb6 Nxb6 25.Qxb6 Bb7 26.Rxc8+ Bxc8 27.Ne5 Bb7 28.Nd7 Qc8 29.Qc7 e6 30.f3 Nc3
31.Nc5 Qxc7 32.Bxc7 Bc6 33.Bxa5  1-0

[Event "Israel sim"]
[Site "?"]
[Date "1994.??.??"]
[Round "?"]
[White "Kasparov, Gary"]
[Black "Kogan, Artur"]
[Result "1/2-1/2"]
[WhiteElo "2805"]
[BlackElo "2470"]

1.e4 c5 2.Nf3 Nc6 3.Bb5 e6 4.c3 Nge7 5.d4 cxd4 6.cxd4 d5 7.Nc3 dxe4 8.Nxe4 Nd5
9.O-O Bd7 10.Bg5 f6 11.Bh4 Qb6 12.Bc4 Be7 13.Nc3 Nxc3 14.bxc3 Na5 15.Bd3 Qc7
16.Rc1 Ba3 17.Rc2 Ba4 18.Qb1 Bxc2 19.Qxc2 O-O-O 20.Re1 Rhe8 21.Bxh7 g5 22.Bg3 Bd6
23.Rxe6 Bxg3 24.Bf5 Bxh2+ 25.Nxh2 Rxe6 26.Bxe6+ Kb8 27.Nf3 Qf4 28.Nd2 Nc6
29.g3 Qc7 30.Qf5 Rf8 31.Ne4 Nxd4 32.cxd4 Qc1+ 33.Kg2 Rh8 34.Kf3 Qd1+ 35.Ke3 Rh1
36.Nxg5 Re1+ 37.Kf4 fxg5+ 38.Kxg5 Qxd4 39.Qf6 Qc5+ 40.Kg6 a6 41.g4 Qc2+ 42.Kg7 Qe4
43.Bf5 Qf4 44.Be6  1/2-1/2

[Event "Israel sim"]
[Site "?"]
[Date "1994.??.??"]
[Round "?"]
[White "Kasparov, Gary"]
[Black "Gershon, Alik"]
[Result "1-0"]
[WhiteElo "2805"]
[BlackElo "2355"]

1.c4 f5 2.g3 Nf6 3.Bg2 g6 4.d4 Bg7 5.Nc3 d6 6.Nh3 Nc6 7.d5 Ne5 8.Nf4 O-O
9.b3 Ne4 10.Nxe4 fxe4 11.Bxe4 Nf3+ 12.exf3 Bxa1 13.Qd3 Be5 14.h4 Bxf4 15.Bxf4 Bf5
16.h5 Bxe4 17.fxe4 Qe8 18.Bh6 Rf6 19.Bg5 Rf8 20.f4 e5 21.dxe6 Qxe6 22.hxg6 Qxg6
23.Rh6 Qg7 24.Qd5+ Kh8 25.Qe6 Rae8 26.Bf6 Rxf6 27.Qxf6 Rxe4+ 28.Kf2 Qxf6
29.Rxf6 Kg7 30.Rf5 b6 31.a4 a5 32.Rd5 Kf6 33.Rd1 Kf5 34.Kf3 Re7 35.g4+ Kf6
36.Rh1 Kg6 37.f5+ Kf6 38.Kf4 Kg7 39.g5 Re2 40.Rh3 Re1 41.f6+ Kg8 42.Re3 Rf1+
43.Kg4 Rg1+ 44.Kf5 Rf1+ 45.Ke6 Rg1 46.Ke7  1-0

[Event "Israel sim"]
[Site "?"]
[Date "1994.??.??"]
[Round "?"]
[White "Kasparov, Gary"]
[Black "Finkel, Alexander"]
[Result "1/2-1/2"]
[WhiteElo "2805"]
[BlackElo "2465"]

1.c4 e5 2.g3 Nc6 3.Bg2 d6 4.Nc3 g6 5.Rb1 a5 6.a3 Bg7 7.b4 axb4 8.axb4 Nf6
9.e3 O-O 10.Nge2 Ne7 11.O-O d5 12.cxd5 Nfxd5 13.Nxd5 Nxd5 14.Qc2 Be6 15.b5 Qd6
16.Nc3 Nxc3 17.dxc3 Ra2 18.Rb2 Rxb2 19.Qxb2 Bc4 20.Re1 Qb6 21.Bf1 Bxf1 22.Rxf1 c6  1/2-1/2

[Event "EUCup f"]
[Site "Lyon"]
[Date "1994.??.??"]
[Round "?"]
[White "Kasparov, Gary"]
[Black "Lautier, Joel"]
[Result "1/2-1/2"]
[WhiteElo "2805"]
[BlackElo "2645"]

1.e4 e5 2.Nf3 Nc6 3.Bb5 a6 4.Ba4 d6 5.c3 f5 6.exf5 Bxf5 7.d4 e4 8.d5 exf3
9.Qxf3 Qe7+ 10.Kd1 Be4 11.Qh3 Qf7 12.dxc6 Bxc6 13.Re1+ Be7 14.Bxc6+ bxc6
15.Nd2 Nf6 16.Nf3 O-O 17.Ng5 Qd5+ 18.Bd2 h6 19.Qe6+ Kh8 20.Nh3 Qxe6 21.Rxe6 Rfe8
22.Kc2 Kg8 23.Rae1 Kf7 24.f3 Nd7 25.R6e2 Ne5 26.Re4 Nd7 27.Nf4 d5 28.R4e2 Bd6
29.Ne6 Bxh2 30.Nxg7 Rxe2 31.Rxe2 Kxg7 32.Re7+ Kg6 33.Rxd7 Bd6 34.Kd3 h5 35.c4 Rg8
36.c5 Be5 37.b3 Kf5 38.Rh7 Rh8 39.Rxh5+ Rxh5 40.g4+ Kg6 41.gxh5+ Kxh5 42.f4  1/2-1/2

[Event "Moscow ol (Men)"]
[Site "Moscow"]
[Date "1994.??.??"]
[Round "?"]
[White "Kasparov, Gary"]
[Black "Short, Nigel D"]
[Result "1-0"]
[WhiteElo "2805"]
[BlackElo "2665"]

1.e4 c5 2.Nf3 d6 3.d4 cxd4 4.Nxd4 Nf6 5.Nc3 a6 6.Be2 e6 7.f4 Be7 8.O-O Qc7
9.Qe1 Nbd7 10.Bf3 O-O 11.Kh1 Kh8 12.a4 Rb8 13.g4 b6 14.g5 Ne8 15.Bg2 Bb7
16.b3 Qd8 17.h4 g6 18.Bb2 Ng7 19.Rd1 Rc8 20.f5 e5 21.f6 exd4 22.fxe7 Qxe7
23.Rxd4 f6 24.Qd2 fxg5 25.Rxf8+ Rxf8 26.Rxd6 Ne5 27.Rxb6 gxh4 28.Nd5 Bxd5
29.Qxd5 Re8 30.Bh3 Qc7 31.Re6 Rxe6 32.Bxe6 Nc6 33.Qg5 Qd6 34.Bd5 Nb4 35.Qf6 Qxf6
36.Bxf6 Nxc2 37.Bc3 h6 38.b4 Kh7 39.b5 axb5 40.axb5 Nh5 41.b6 Ng3+ 42.Kh2  1-0

[Event "PCA/Intel-GP"]
[Site "Moscow"]
[Date "1994.??.??"]
[Round "1"]
[White "Timman, Jan H"]
[Black "Kasparov, Gary"]
[Result "1/2-1/2"]
[WhiteElo "2620"]
[BlackElo "2805"]

1.d4 Nf6 2.c3 d5 3.Bg5 Ne4 4.Bf4 c6 5.Nd2 Bf5 6.Nxe4 Bxe4 7.f3 Bg6 8.h4 h6
9.e3 e6 10.h5 Bh7 11.Bd3 Bxd3 12.Qxd3 Nd7 13.Ne2 c5 14.e4 cxd4 15.exd5 e5
16.Qe4 Bd6 17.Bxe5 Nxe5 18.cxd4 f5 19.Qe3 Qa5+ 20.Kf1 Qxd5 21.f4 Bc7 22.Rc1 O-O-O
23.fxe5 Kb8 24.Qb3 Qd7 25.Rh3 Bb6 26.Rc4 f4 27.Rh4 Rhf8 28.Qf3 Qb5 29.Qb3 Qe8
30.a4 g5 31.hxg6 Qxg6 32.Qf3 Qb1+ 33.Rc1 Qxb2 34.Rxf4 Rfe8 35.Qc3 Qxc3 36.Rxc3 Rxe5
37.Rf6 Rh5 38.Rc4 Rh1+ 39.Kf2 h5 40.Rf7 Rb1 41.g3 Rb2 42.Kf3 Rb3+ 43.Kg2 a5
44.Rh7 Rd5 45.Rh8+ Ka7 46.Rcc8 Bxd4 47.Ra8+ Kb6 48.Rh6+ Kc7 49.Rh7+ Kb6 50.Rh6+ Kc7
51.Rh7+  1/2-1/2

[Event "PCA/Intel-GP"]
[Site "Moscow"]
[Date "1994.??.??"]
[Round "2"]
[White "Kasparov, Gary"]
[Black "Kramnik, Vladimir"]
[Result "1/2-1/2"]
[WhiteElo "2805"]
[BlackElo "2710"]

1.e4 c5 2.Nc3 Nc6 3.Nge2 Nf6 4.d4 cxd4 5.Nxd4 e5 6.Ndb5 d6 7.Bg5 a6 8.Na3 b5
9.Nd5 Be7 10.Bxf6 Bxf6 11.c3 O-O 12.Nc2 Rb8 13.a3 a5 14.h4 Ne7 15.Nce3 Nxd5
16.Nxd5 Be6 17.g3 Qd7 18.Bg2 Bd8 19.O-O Bb6 20.Qd2 Rfc8 21.Rfd1 Bxd5 22.Qxd5 b4
23.axb4 axb4 24.Qxd6 Qg4 25.Qd3 bxc3 26.bxc3 g6 27.Rab1 Rd8 28.Qf3 Rxd1+
29.Rxd1 Qxf3 30.Bxf3 Rc8  1/2-1/2

[Event "Moscow ol (Men)"]
[Site "Moscow"]
[Date "1994.??.??"]
[Round "5"]
[White "Kasparov, Gary"]
[Black "Gelfand, Boris"]
[Result "1/2-1/2"]
[WhiteElo "2800"]
[BlackElo "2680"]

1.e4 c5 2.Nf3 d6 3.d4 cxd4 4.Nxd4 Nf6 5.Nc3 a6 6.Bc4 e6 7.Bb3 b5 8.O-O Be7
9.Qf3 Qc7 10.Qg3 O-O 11.Bh6 Ne8 12.Rad1 Bd7 13.Nf3 Nc6 14.Bf4 Qb7 15.Rfe1 b4
16.Ne2 e5 17.Bg5 Be6 18.Nh4 Na5 19.Bd5 Bxd5 20.Rxd5 Bxg5 21.Qxg5 Nc4 22.Ng3 Nxb2
23.Ngf5 f6 24.Qg3 Rc8 25.Qb3 Nc4 26.a3 g6 27.Ne3 Nxe3 28.Rxe3 Rf7 29.axb4 Qc6
30.c3 Nc7 31.Rdd3 Nb5 32.Nf3 Kg7 33.h4 h5 34.Nd2 Rfc7 35.Qa2 Qb7 36.Qa1 Rc6
37.Rg3 Qc7 38.Qd1  1/2-1/2

[Event "Moscow ol (Men)"]
[Site "Moscow"]
[Date "1994.??.??"]
[Round "7"]
[White "Kasparov, Gary"]
[Black "Lautier, Joel"]
[Result "1-0"]
[WhiteElo "2800"]
[BlackElo "2645"]

1.e4 c5 2.Nf3 e6 3.d4 cxd4 4.Nxd4 Nf6 5.Nc3 Nc6 6.Ndb5 d6 7.Bf4 e5 8.Bg5 a6
9.Na3 b5 10.Nd5 Be7 11.Bxf6 Bxf6 12.c3 O-O 13.Nc2 Rb8 14.h4 Ne7 15.Nxf6+ gxf6
16.Bd3 d5 17.exd5 Qxd5 18.Ne3 Qe6 19.Qh5 e4 20.Bc2 b4 21.c4 Kh8 22.O-O-O f5
23.Qg5 Rb6 24.h5 Rc6 25.Kb1 Rc5 26.h6 Qe5 27.Rh5 Rg8 28.Ng4  1-0

[Event "Moscow ol (Men)"]
[Site "Moscow"]
[Date "1994.??.??"]
[Round "10"]
[White "Oll, Lembit"]
[Black "Kasparov, Gary"]
[Result "1/2-1/2"]
[WhiteElo "2615"]
[BlackElo "2805"]

1.e4 c5 2.Nf3 d6 3.d4 cxd4 4.Nxd4 Nf6 5.Nc3 a6 6.Be2 e5 7.Nb3 Be7 8.O-O Be6
9.f4 Qc7 10.f5 Bc4 11.Bg5 Nbd7 12.a4 O-O 13.Kh1 Rfc8 14.a5 h6 15.Bxf6 Nxf6
16.Bxc4 Qxc4 17.Qf3 Rc7 18.Nd2 Qb4 19.Rfb1 Rac8 20.Ra4 Qc5 21.Rba1 Bd8 22.Nf1 b5
23.axb6 Qxb6 24.R1a2 a5 25.h3 Rc4 26.Rxc4 Rxc4 27.Nd2 Rb4 28.Ra1 Qc6 29.b3 a4
30.Rxa4 Rxa4 31.bxa4 Ba5 32.Nd5 Qxc2 33.Nxf6+ gxf6 34.Nf1 d5 35.Ne3 Qc1+
36.Kh2 dxe4 37.Qxe4 Bb6 38.Nd5 Bf2 39.Nxf6+ Kh8 40.Qa8+ Kg7 41.Nh5+ Kh7 42.Nf6+ Kg7
43.Nh5+  1/2-1/2